000 00792nab a2200241 u 4500
001 11084
003 HDC
007 cr bn ---aaaaa
008 210206c9999 |r|noo 0 a eng d
040 _aHDC
110 _aDaily Express
245 0 _aMoA to enable Quin diploma studies at KYS
260 _a[no place] :
_b[publisher not identified],
_c[no year]
336 _atext
_2rdacontent
337 _acomputer
_2rdamedia
338 _aonline resource
_2rdacarrier
650 _aDiploma programmes
_911309
650 _aIslamic-based learning
_911310
856 _zRequest full-text at [email protected]
942 _2lcc
942 _cNEWS
942 _kNWSO 001252
999 _c8407
_d8407